Entry Personal Name
Number of records used in: 1
001 - CONTROL NUMBER
003 - CONTROL NUMBER IDENTIFIER
005 - DATE AND TIME OF LATEST TRANSACTION
- control field:
20191107093531.0
008 - FIXED-LENGTH DATA ELEMENTS
- fixed length control field:
190222n| azannaabn |n aaa c
010 ## - LIBRARY OF CONGRESS CONTROL NUMBER
- LC control number:
no2019027683
035 ## - SYSTEM CONTROL NUMBER
- System control number:
(OCoLC)oca11834174
040 ## - CATALOGING SOURCE
- Original cataloging agency:
InU
- Language of cataloging:
eng
- Description conventions:
rda
- Transcribing agency:
InU
046 ## - SPECIAL CODED DATES
- Birth date:
1961-08-17
- Source of date scheme:
edtf
100 1# - HEADING--PERSONAL NAME
- Personal name:
Anāmikā,
- Dates associated with a name:
1961-
377 ## - ASSOCIATED LANGUAGE
670 ## - SOURCE DATA FOUND
- Source citation:
Bīsavīṃ sadī kā Hindī mahilā lekhana, 2015:
- Information found:
v. 2, title page (Anāmikā) page 4 of cover (born 17 August 1961)